000 00337nam a2200145Ia 4500
008 150201s2013 xx 000 0 und d
082 _a610.7
_bA13S
100 _aSONI, SAMTA
245 _aTB. OF ADVANCE NURSING PRACTICE
250 _a1ST
260 _bJAYPEE
_aDELHI
_c2013
300 _a656
650 _aNURSING
942 _2ddc
_cBK
_07
999 _c2363
_d2363